000 00262nam a22000977a 4500
008 230714b |||||||| |||| 00| 0 eng d
020 _a9780061252334
100 _aHUNTER ERIN
_97697
245 _aWARRIORS (WARRIOR'S RETURN)-3
260 _aLOS ANGELES
_bTOKYOPOP
_c2000
999 _c12371
_d12371